| 000 | 01974cam a22005774i 4500 | ||
|---|---|---|---|
| 003 | PE-LiUPU | ||
| 005 | 20250731170429.0 | ||
| 008 | 150623s r 000 0 d | ||
| 020 | _a0198247419 | ||
| 035 | _a(Sirsi) i9780198247418 | ||
| 040 |
_aPE-LiUPU _bspa _cPE-LiUPU _erda |
||
| 049 | _aPRUA | ||
| 082 | 0 | 4 |
_a171.5 _bS31 _221 |
| 100 | 1 |
_aScheffler, Samuel, _eautor. |
|
| 245 | 1 | 4 |
_aThe rejection of consequentialism : _ba philosophical investigation of the considerations underlying rival moral conceptions / _cSamuel Scheffler. |
| 264 | 1 |
_aNew York, NY : _bOxford University Press, _c1982. |
|
| 300 |
_a133 páginas ; _c21 centímetros |
||
| 336 |
_atext _2rdacontent |
||
| 337 |
_aunmediated _2rdamedia |
||
| 338 |
_avolume _2rdacarrier |
||
| 504 | _aIncluye bibliografía. | ||
| 505 | 0 | _aThe project and its motivation. Outline of a new theory of normative ethics. The independence and distinctnes of the personal point of view. The defence of agent-centred. Restrictions: intuitions in search of a foundation. The project reconsidered. | |
| 526 | _aSEG68 | ||
| 526 | _aSEG70 | ||
| 526 | _aSEG69 | ||
| 526 | _aSEG67 | ||
| 526 | _aSEG43 | ||
| 526 | _aP144 | ||
| 526 | _aP143 | ||
| 526 | _aP131 | ||
| 526 | _aP122 | ||
| 526 | _aP120 | ||
| 526 | _aP117 | ||
| 526 | _aP112 | ||
| 526 | _aP110 | ||
| 526 | _aP106 | ||
| 526 | _aP101 | ||
| 526 | _aP80 | ||
| 526 | _aP59 | ||
| 526 | _aP54 | ||
| 526 | _aP35 | ||
| 526 | _aP33 | ||
| 526 | _aP30 | ||
| 650 | 0 | 4 | _aConsecuencialismo. |
| 942 |
_2ddc _cBOOK |
||
| 949 |
_a171.5 S31 _wDEWEY _c1 _i51142 _lCCODEBUL1 _mBUL _p10.00 _r0 _sY _tBOOK _u2015-6-24 _xTEOLOGIA _PP35 _0COMPRA _o.STAFF. Colección General |
||
| 994 |
_aC0 _bPEPRU |
||
| 596 | _a1 | ||
| 999 |
_a171.5 S31 _wDEWEY _c32841 _i51142 _f2021-11-4 _g5 _lCCODEBUL1 _mBUL _p10.00 _r0 _sY _tBOOK _u2015-6-24 _xBIBLIOTECA _PP35 _0COMPRA _o.STAFF. Colección General _d32841 |
||
| 980 |
_81 _gALBERTO SANCHEZ Responsable de Automatización |
||